Türkiye'de UNESCO Dünya Mirasına Sahip Şehirler - Statistics

General Stats
  • This quiz has been taken 53 times
  • The average score is 17 of 24
Answer Stats
Şehir Miras
Alanı
% Correct
İstanbul 1
100%
İzmir 2
96%
Ankara 2
91%
Şanlıurfa 1
89%
Antalya 1
87%
Konya 2
84%
Bursa 1
82%
Muğla 1
82%
Aydın 1
76%
Denizli 1
76%
Edirne 1
73%
Kars 1
73%
Çanakkale 1
71%
Nevşehir 1
69%
Sivas 1
67%
Diyarbakır 1
64%
Adıyaman 1
62%
Çorum 1
60%
Eskişehir 1
56%
Afyonkarahisar 1
53%
Malatya 1
51%
Manisa 1
51%
Kastamonu 1
44%
Karabük 1
42%
No matching quizzes found
Score Distribution
Percent of People with Each Score
Percentile by Number Answered
Your Score History
You have not taken this quiz